| 000 | 01124nam a2200265 4500 | ||
|---|---|---|---|
| 999 |
_c6741 _d6741 |
||
| 003 | OSt | ||
| 005 | 20200706105517.0 | ||
| 008 | 200706b2014 ck o||gr|||| 00| 0 spa d | ||
| 020 | _a9789589976678 | ||
| 040 |
_aCO-JMCR _cCO-JMCR |
||
| 041 | 0 | _aspa | |
| 082 | 0 | 4 |
_223 _a070.40986139 / _bN124l |
| 110 | 1 |
_aLa nación _96705 |
|
| 245 | 1 | 3 |
_a20 años de historias y otras historias que apenas comienzan : _b1994-2014 / _cLa Nación ; textos Alfredo Rubio Godoy ; colaboradores Diana Fernanda Estrella Medina ; fotografías Gerardo Villegas Quiroz. |
| 246 | 3 | 1 |
_aVeinte años de historias y otras historias que apenas comienzan : _b1994-2014 |
| 260 |
_aHuila : _bEditora Surcolombiana, _c2014 |
||
| 300 |
_a197 páginas : _bilustraciones, fotografías a color ; _c28 cm. |
||
| 650 | 1 | 4 |
_2Periodismo _zColombia _y1994-2014. _96706 |
| 650 | 2 | 4 |
_2Historia Huila _y1994-2014. _96707 |
| 650 | 2 | 4 |
_2Huila _zColombia _y1994-2014. _96706 |
| 700 | 1 |
_aRubio Godoy, Alfredo _eautor _96708 |
|
| 700 | 1 |
_aEstrella Medina, Diana Fernanda, _ecolaboradora. _96709 |
|
| 700 | 1 |
_aVillegas Quiroz, Gerardo, _efotógrafo. _96710 |
|
| 942 |
_2ddc _cBK |
||